| 000 | 00434nam a22001577a 4500 | ||
|---|---|---|---|
| 003 | 0 | ||
| 005 | 20230620145316.0 | ||
| 008 | 230620b xxu||||| |||| 00| 0 eng d | ||
| 020 | _a978-0-545-81671-7 | ||
| 082 |
_aER _b.Wi699 2012 |
||
| 245 |
_aThe duckling gets a cookie!? _cWillems, Mo |
||
| 260 |
_aNew York _bScholastic, Inc. _cc2012 |
||
| 300 |
_aunpaged _bcol. ill. _c23cm. |
||
| 500 | _aChildren's stories. | ||
| 942 |
_2ddc _cER |
||
| 999 |
_c365065 _d365065 |
||